Normal view
MARC view
- أسئلة وأجوبة
Entry Topical Term
001 - CONTROL NUMBER
- control field: 11741
003 - CONTROL NUMBER IDENTIFIER
- control field: JO-AjAnu
005 - DATE AND TIME OF LATEST TRANSACTION
- control field: 20230606072201.0
008 - FIXED-LENGTH DATA ELEMENTS
- fixed length control field: 230606|| aca||aabn | a|a d
040 ## - CATALOGING SOURCE
- Original cataloging agency: JO-AjAnu
- Transcribing agency: JO-AjAnu
150 ## - HEADING--TOPICAL TERM
- Topical term or geographic name entry element: أسئلة وأجوبة
670 ## - SOURCE DATA FOUND
- Source citation: Work cat.: (JO-AjAnu)6048: مصطفى،مصطفى ابراهيم/اعداد, author 11740, موسوعة الأذكياء :1000 سؤال وجواب،اسلاميات،ثقافة،علوم،تاريخ،جغرافيا،ادب